001930000a2200061000450024500520000030000470005277300320009910aTraducir la biblia : ¿Buenas o malas noticias? aVol. 59, Núm 269 (2004), Páginas 16-170 tLa Biblia de las Américas